[Event "Bratto op-B 34th"]
[Site "Bratto"]
[Date "2014.08.26"]
[Round "4"]
[White "Guerini, Sara"]
[Black "Milanesi, Erminio"]
[Result "0-1"]
[WhiteElo "1766"]
[BlackElo "1794"]
[PlyCount "51"]
[EventDate "2014.08.23"]
[EventType "swiss"]
[EventRounds "8"]
[EventCountry "ITA"]
[SourceTitle "EXT 2017"]
[Source "ChessBase"]
[SourceDate "2016.10.25"]
[SourceVersion "1"]
[SourceVersionDate "2016.10.25"]
[SourceQuality "1"]

1. e4 g6 2. d4 f6 3. Nf3 Nh6 4. Nc3 Nf7 5. Bd3 Bg7 6. 0-0 0-0 7. Re1 e6 8. Be3 d6 9. Bc4 c6 10. d5 cxd5 11. exd5 e5 12. Qd2 Bg4 13. Qe2 f5 14. Qf1 Bxf3 15. gxf3 f4 16. Bd2 Nd7 17. Ne4 a6 18. a3 Nf6 19. Rab1 Qd7 20. Nxd6 Nxd6 21. Rxe5 Nf7 22. d6 Qxd6 23. Bxf4 Nd5 24. Rd1 Qf6 25. Bxd5 Qxf4 26. Re7 0-1

[Event "Bratto op-B 34th"]
[Site "Bratto"]
[Date "2014.08.24"]
[Round "2"]
[White "Guerini, Sara"]
[Black "Bettini, Alessandro"]
[Result "0-1"]
[WhiteElo "1766"]
[BlackElo "1829"]
[PlyCount "76"]
[EventDate "2014.08.23"]
[EventType "swiss"]
[EventRounds "8"]
[EventCountry "ITA"]
[SourceTitle "EXT 2017"]
[Source "ChessBase"]
[SourceDate "2016.10.25"]
[SourceVersion "1"]
[SourceVersionDate "2016.10.25"]
[SourceQuality "1"]

1. e4 g6 2. d4 Bg7 3. Nf3 d6 4. Nc3 c6 5. Be3 Nf6 6. Bd3 Ng4 7. Bd2 a6 8. a4 c5 9. Ne2 Nc6 10. c3 Bd7 11. h3 Nh6 12. Qc1 Ng8 13. b3 Rc8 14. Qd1 e6 15. 0-0 Nge7 16. Be3 cxd4 17. Nexd4 0-0 18. Rc1 d5 19. Qd2 dxe4 20. Bxe4 e5 21. Ne2 Be6 22. Qc2 f5 23. Ng5 Bf7 24. Bd3 Nb4 25. Qb1 Nxd3 26. Rfd1 e4 27. Nf4 Nd5 28. Nxd3 Nxe3 29. Nxf7 Rxf7 30. fxe3 exd3 31. Rxd3 Qb6 32. b4 Re7 33. a5 Qa7 34. Rcd1 Rxe3 35. Kf1 Rxd3 36. Rxd3 Qb8 37. Qe1 Re8 38. Qd2 Qe5 0-1

[Event "Bergamo Province-ch"]
[Site "Bergamo"]
[Date "2006.11.03"]
[Round "5"]
[White "Guerini, Sara"]
[Black "Asperti, Fabio"]
[Result "0-1"]
[WhiteElo "1380"]
[BlackElo "1637"]
[PlyCount "62"]
[EventDate "2006.10.06"]
[EventType "swiss"]
[EventRounds "9"]
[EventCountry "ITA"]
[SourceTitle "EXT 2011"]
[Source "ChessBase"]
[SourceDate "2010.11.26"]
[SourceVersion "1"]
[SourceVersionDate "2010.11.26"]
[SourceQuality "1"]

1. e4 g6 2. d4 Bg7 3. Nf3 d6 4. Bd3 Nf6 5. 0-0 0-0 6. Nc3 Bg4 7. Re1 Nc6 8. Be3 Nd7 9. d5 Nce5 10. Bf4 Nxf3+ 11. gxf3 Bh5 12. Bg3 e5 13. Kg2 Nc5 14. b4 Nxd3 15. Qxd3 f5 16. h3 fxe4 17. Rxe4 Bxf3+ 18. Kh2 Bxe4 19. Qxe4 Qd7 20. a3 Bh6 21. Ne2 Rae8 22. c4 Bf4 23. Nxf4 exf4 24. Qd3 fxg3+ 25. Qxg3 Re2 26. Rf1 Qf5 27. Kg1 Qf3 28. Qh2 Rf5 29. a4 Rg5+ 30. Qg3 Rxg3+ 31. fxg3 Qg2# 0-1

[Event "Bergamo Province-ch"]
[Site "Bergamo"]
[Date "2006.10.27"]
[Round "4"]
[White "Basletta, Giovanni"]
[Black "Guerini, Sara"]
[Result "0-1"]
[WhiteElo "1377"]
[BlackElo "1380"]
[PlyCount "84"]
[EventDate "2006.10.06"]
[EventType "swiss"]
[EventRounds "9"]
[EventCountry "ITA"]
[SourceTitle "EXT 2011"]
[Source "ChessBase"]
[SourceDate "2010.11.26"]
[SourceVersion "1"]
[SourceVersionDate "2010.11.26"]
[SourceQuality "1"]

1. Nf3 Nc6 2. g3 e5 3. d3 Nf6 4. Bg2 Bd6 5. e4 Nb4 6. 0-0 c5 7. c4 Nc6 8. Nc3 Be7 9. Bg5 h6 10. Bxf6 Bxf6 11. Nd5 d6 12. h3 Be6 13. Re1 0-0 14. a3 a5 15. Nh2 Nd4 16. Nxf6+ Qxf6 17. Rb1 h5 18. Nf3 Bxh3 19. Nxd4 Bxg2 20. Kxg2 cxd4 21. Qxh5 Rfc8 22. Rh1 Kf8 23. Qg4 Ke7 24. Rbf1 g5 25. f4 gxf4 26. gxf4 exf4 27. Rxf4 Qe5 28. Rh5 Qg7 29. Rg5 Qh8 30. Rh5 Qg8 31. Rg5 Qh8 32. Rg7 Rf8 33. Qg5+ Ke8 34. c5 dxc5 35. Qe5+ Kd8 36. Qd5+ Ke8 37. Rgxf7 Qg8+ 38. Kf3 Rxf7 39. Qe5+ Kd8 40. Qd5+ Ke8 41. Qe5+ Kd8 42. Qe6 Rxf4+ 0-1

[Event "Bergamo Province-ch"]
[Site "Bergamo"]
[Date "2006.10.06"]
[Round "1"]
[White "Guerini, Sara"]
[Black "Stefanelli, Alfredo"]
[Result "0-1"]
[WhiteElo "1380"]
[BlackElo "1778"]
[PlyCount "78"]
[EventDate "2006.10.06"]
[EventType "swiss"]
[EventRounds "9"]
[EventCountry "ITA"]
[SourceTitle "EXT 2011"]
[Source "ChessBase"]
[SourceDate "2010.11.26"]
[SourceVersion "1"]
[SourceVersionDate "2010.11.26"]
[SourceQuality "1"]

1. e4 c5 2. Nc3 Nc6 3. Nf3 d6 4. Bc4 e6 5. d3 Nf6 6. d4 cxd4 7. Nxd4 Be7 8. Be3 a6 9. a4 0-0 10. 0-0 Qc7 11. Qf3 Ne5 12. Qe2 Nxc4 13. b3 Ne5 14. Bd2 Bd7 15. f4 Nc6 16. Nf3 Rac8 17. Qd3 Nb4 18. Qe2 d5 19. e5 Ne4 20. Nxe4 dxe4 21. c3 exf3 22. Rxf3 Nd5 23. c4 Nb4 24. Qd1 Rcd8 25. Qb1 Bc6 26. Rh3 g6 27. Bc3 Qb6+ 28. Kf1 Rd7 29. Qc1 Rfd8 30. Qb2 Nd3 31. Qc2 Be4 32. Qe2 Bxg2+ 33. Kxg2 Nxf4+ 34. Kf1 Nxh3 35. Qf3 Rd3 36. Qg2 Rd1+ 37. Rxd1 Rxd1+ 38. Ke2 Nf4+ 39. Kxd1 Nxg2 0-1